[Event "190th open MGU"]
[Site "Sofia"]
[Date "2017.09.24"]
[Round "4.4"]
[White "Dimov, Nikola"]
[Black "Andreev, Dobrotich"]
[Result "1/2-1/2"]
[WhiteElo "1551"]
[BlackElo "1881"]
[PlyCount "113"]
[EventDate "2017.09.23"]
[EventType "swiss"]
[EventRounds "6"]
[EventCountry "BUL"]

1. e4 c6 2. d4 d5 3. Nc3 dxe4 4. Nxe4 Bf5 5. Ng3 Bg6 6. h4 h6 7. h5 Bh7 8. Nf3
Nd7 9. Bd3 Bxd3 10. Qxd3 Ngf6 11. Bf4 Qa5+ 12. Bd2 Qc7 13. O-O-O e6 14. Ne4
O-O-O 15. g3 Nc5 16. Nxc5 Bxc5 17. Bf4 Qa5 $146 ({RR} 17... Bd6 18. Bxd6 ({RR} 
18. Be5 Bxe5 19. Nxe5 Kb8 ({RR} 19... c5 20. Qc4 Rd5 21. f4 Ne4 22. Rhg1 Nd6
23. Qa4 c4 24. Kb1 Rd8 25. c3 Ra5 26. Qc2 f6 27. Nf3 Qc6 28. Qe2 Re8 29. g4 Qa4
30. a3 Nb5 31. Kc1 Qb3 {1/2 Belinkov,A-Podgaets,M/Riga 1968/MCD}) 20. Qe2 Rhe8
21. Rh4 Rd5 22. Rd3 Ng8 23. Rb3 Red8 24. c4 R5d6 25. c5 Rd5 26. Qa6 Ka8 27. Qa4
a6 28. Rb6 Ne7 29. Nxf7 Rf8 30. Rf4 Nc8 31. Nd6 Rxf4 32. Rxb7 Qxb7 {
Bashaer,K (1549)-Mendis,D (1739)/Abu Dhabi 2016/CBM 171 Extra/1-0 (48)}) ({RR} 
18. Ne5 c5 19. Qe2 Nd5 20. Rh4 Rhe8 21. Rg4 f6 22. Ng6 c4 23. c3 b5 24. Bxd6
Rxd6 25. Re4 b4 26. cxb4 c3 27. Qb5 cxb2+ 28. Kxb2 Qc3+ 29. Kb1 Rc6 30. Re2 Kc7
31. Rb2 Qf3 32. Qa5+ Kd6 {
Petrov,V (1793)-Andreev,D (2065)/Sofia 2011/CBM 142 Extra/0-1 (32)}) 18... Rxd6
{1/2 Matanovic,A-Hort,V/Vinkovci 1968/MCD} ({RR} 18... Qxd6 19. Ne5 Rhf8 20. f4
Kb8 21. Qe2 Nd7 22. g4 Nxe5 23. dxe5 Qb4 24. Qe3 Rd5 25. Rxd5 cxd5 26. Rd1 Rc8
27. Rd4 Qb5 28. Qf2 f6 29. exf6 gxf6 30. Qd2 Qf1+ 31. Qd1 Qxd1+ 32. Rxd1 Kc7
33. f5 {Reeve,J-Taylor,G/Vancouver 1982/EXT 2003/0-1 (64)})) 18. Kb1 Bd6 19.
Bxd6 Rxd6 20. Ne5 Qc7 {Äèàãðàììà #} 21. c4 (21. Qa3 $142 $16) 21... Rhd8 22.
Qe3 c5 23. d5 exd5 24. cxd5 Nxd5 25. Qf3 f6 26. Nc4 R6d7 27. Qg4 Kb8 28. Rc1
Nb6 29. Qe2 Rd4 30. Na5 Rd2 31. Qf3 Na4 32. Nc4 R2d3 33. Qf5 b5 34. Ne3 Rd2 35.
Rc2 Qe5 36. Qxe5+ fxe5 37. Nf5 c4 38. Kc1 c3 39. bxc3 Rxc2+ 40. Kxc2 Rc8 41.
Nxg7 Rxc3+ 42. Kb1 Ra3 43. Nf5 Rf3 44. Nxh6 Rxf2 45. Ng4 Nc3+ 46. Kc1 Rxa2 47.
Rh4 b4 48. Nxe5 Ne2+ 49. Kd1 Nc3+ 50. Kc1 a5 51. Nc6+ Kc7 52. Nxb4 axb4 53.
Rxb4 Ne2+ 54. Kb1 Nc3+ 55. Kc1 Ne2+ 56. Kd1 Nxg3 57. Rh4 1/2-1/2

[Event "190th open MGU"]
[Site "Sofia"]
[Date "2017.09.24"]
[Round "4.6"]
[White "Doychev, Ivan"]
[Black "Ivanov, Oleg M."]
[Result "0-1"]
[WhiteElo "1188"]
[BlackElo "1548"]
[PlyCount "122"]
[EventDate "2017.09.23"]
[EventType "swiss"]
[EventRounds "6"]
[EventCountry "BUL"]

1. e4 d5 2. exd5 c6 3. Nf3 cxd5 4. d4 Nc6 5. Bb5 a6 6. Bxc6+ bxc6 7. Ne5 Qb6 8.
O-O Nf6 9. Nc3 e6 10. Rb1 $146 ({RR} 10. Na4 Qc7 11. Nd3 Bd6 12. h3 a5 13. Re1
Ba6 14. b3 Ne4 15. c4 O-O 16. Bb2 f5 17. Rc1 Qf7 18. f3 Nf6 19. Qe2 Rfe8 20.
Qd2 Nh5 21. Ne5 Qb7 22. cxd5 cxd5 23. Nc5 Qe7 24. Rc2 Qh4 {
Baulig,B (2141)-Kierzek,M (2130)/Germany 2005/EXT 2006/1/2 (33)}) 10... Bd6 11.
Bf4 Qc7 12. Re1 O-O 13. Bg5 Ne8 14. Nf3 c5 15. dxc5 Bxc5 16. Bh4 f6 17. b4
Bxf2+ 18. Bxf2 Qxc3 19. Bc5 Qc4 20. Bxf8 Kxf8 21. a4 Nd6 22. Qe2 Qc7 23. Rf1 e5
24. Rbd1 d4 25. Nxe5 Qb6 26. Qf2 Kg8 27. Nf3 Qxb4 28. Qxd4 Qxd4+ 29. Rxd4 Nf7
30. Re1 Bb7 31. Rd7 Bxf3 32. gxf3 Ne5 33. Rxe5 fxe5 34. Re7 Rc8 35. Rxe5 Rxc2
36. Ra5 Ra2 37. Rxa6 Kf7 38. a5 g5 39. Kf1 Rxh2 40. Ra7+ Kg6 41. a6 Ra2 42. Ra8
Kh5 43. a7 Kh4 44. Ke1 h5 45. Kf1 Kg3 46. f4 {Äèàãðàììà #} Kf3 (46... g4 $19)
47. Ke1 gxf4 48. Rh8 Rxa7 49. Rxh5 Ra1+ 50. Kd2 Kf2 51. Rh2+ Kg3 52. Rh8 f3 53.
Rg8+ Kf2 54. Re8 Kf1 55. Rh8 Ra2+ 56. Ke3 f2 57. Rg8 Re2+ 58. Kf3 Ke1 59. Ra8
f1=Q+ 60. Kg3 Rg2+ 61. Kh3 Qh1# 0-1

[Event "190th open MGU"]
[Site "Sofia"]
[Date "2017.09.24"]
[Round "5.1"]
[White "Chowaniec, Artur"]
[Black "Krustev, Krasimir S."]
[Result "0-1"]
[WhiteElo "1660"]
[BlackElo "1970"]
[PlyCount "112"]
[EventDate "2017.09.23"]
[EventType "swiss"]
[EventRounds "6"]
[EventCountry "BUL"]

1. e4 e5 2. Nc3 Nf6 3. Nf3 Nc6 4. d4 exd4 5. Nxd4 d6 6. Nxc6 bxc6 7. Bc4 Be7 8.
O-O O-O 9. Bf4 Be6 10. Bxe6 fxe6 11. e5 ({RR} 11. Qe2 e5 12. Bg5 Kh8 13. f4
exf4 14. Bxf4 Nd7 15. Be3 Bf6 16. Qc4 Ne5 17. Qe2 Qe8 18. Rf2 Qe6 19. Raf1 Kg8
20. Qh5 Ng4 21. Rf3 Nxe3 22. Rxe3 Bd4 23. Qe2 Bxe3+ 24. Qxe3 Rxf1+ 25. Kxf1
Qc4+ {Arkhipov,V (1884)-Skurokin,D (1890)/Tula 2016/CBM 171 Extra/0-1 (32)})
11... Nd5 12. Nxd5 exd5 13. exd6 $146 ({RR} 13. Qd4 Rb8 14. Bg3 a5 15. a3 dxe5
16. Bxe5 c5 17. Qa4 Bd6 18. f4 Bxe5 19. fxe5 Qg5 20. Rfe1 Rbe8 21. e6 Qf5 22.
Qd7 Qf2+ 23. Kh1 Qf5 24. h3 g5 25. Rad1 d4 26. Rd3 Qf2 27. Red1 g4 {
Toth,L (1822)-Gabor,A (1909)/Hungary 2010/EXT 2011/1-0 (31)}) ({RR} 13. Qg4
dxe5 14. Bxe5 Bf6 15. Qe6+ ({RR} 15. Rae1 Qc8 16. Qxc8 Raxc8 17. Bxf6 Rxf6 18.
Re7 Kf8 19. Rfe1 Rf7 20. R7e6 Rf6 21. Rxf6+ gxf6 22. Re6 Re8 23. Rxe8+ Kxe8 24.
g4 Ke7 25. f4 Ke6 26. Kf2 d4 27. Kf3 Kd5 28. h4 c5 29. h5 c4 {
Manakova,M (2306)-Markidou,C (1971)/Aghios Kirykos 2010/CBM 137 Extra/1-0 (41)}
) 15... Kh8 16. f4 Qe8 17. Qxe8 {
1/2 Mika,J (2156)-Dosztan,J (2230)/Hungary 2012/EXT 2013}) 13... Rxf4 14. dxe7
Qxe7 15. c3 Raf8 16. Qd2 Qd6 17. Rae1 Rh4 18. g3 Rh6 19. Qe3 Qd7 20. f4 Qh3 21.
Rf2 Rg6 22. Qxa7 h5 23. Qe3 h4 24. Rg2 Qg4 25. Qe2 Qf5 26. Qe5 Qh3 27. Qh5 Rh6
28. Qe2 Qf5 29. g4 Qxf4 30. Rf2 Qxf2+ 31. Qxf2 Rxf2 32. Kxf2 Kf7 33. Re3 c5 34.
Re5 Rd6 35. Rh5 c4 36. Re5 c5 37. h3 Kf6 38. Re2 d4 39. Rd2 d3 40. b3 Ke5 41.
bxc4 Ke4 42. Ke1 Ke3 43. a4 Rb6 44. Rd1 Rb2 45. Kf1 Ra2 46. Re1+ Kd2 47. Re7
Kxc3 48. Rxg7 Ra1+ 49. Kf2 d2 50. Rd7 d1=Q 51. Rxd1 Rxd1 52. Kf3 Kxc4 53. Kf4
Kb4 54. Kg5 c4 55. Kxh4 c3 56. g5 c2 0-1

[Event "190th open MGU"]
[Site "Sofia"]
[Date "2017.09.24"]
[Round "5.2"]
[White "Babatov, Martin"]
[Black "Georgiev, Nikolay Zh."]
[Result "0-1"]
[WhiteElo "1737"]
[BlackElo "1572"]
[PlyCount "78"]
[EventDate "2017.09.23"]
[EventType "swiss"]
[EventRounds "6"]
[EventCountry "BUL"]

1. d4 d5 2. Bf4 c5 3. e3 Nc6 4. Nf3 Bg4 5. dxc5 $146 ({RR} 5. Be2 Bxf3 6. Bxf3
e6 7. c4 Nf6 8. Nc3 cxd4 9. exd4 dxc4 10. O-O Be7 11. Bxc6+ bxc6 12. Qa4 O-O
13. Qxc4 Rc8 14. a3 Bd6 15. Bg3 Bxg3 16. fxg3 Nd5 17. Rae1 Qg5 18. Ne4 Qe7 19.
b4 a5 {De Labourdonnais,L-McDonnell,A/London 1834/EXT 2002/0-1 (36)}) ({RR} 5.
c3 e6 ({RR} 5... Qb6 6. Qb3 Qxb3 7. axb3 e6 8. Ne5 Nxe5 9. Bxe5 f6 10. Bg3 Nh6
11. f3 Bh5 12. c4 cxd4 13. exd4 Bb4+ 14. Nc3 O-O 15. Bd3 Bg6 16. Bxg6 hxg6 17.
O-O Nf5 18. Nb5 Nxg3 19. hxg3 dxc4 20. bxc4 {
Spielmann,R-Van Doesburgh,D/Zandvoort 1936/HCL/1/2}) 6. Qb3 ({RR} 6. Nbd2 cxd4
7. exd4 Bd6 8. Bxd6 Qxd6 9. Be2 Nf6 10. O-O Bxf3 11. Bxf3 g6 12. g3 h5 13. h4
e5 14. dxe5 Nxe5 15. Re1 O-O 16. Nb3 Nxf3+ 17. Qxf3 Rfe8 18. Nd4 Re4 19. Rxe4
dxe4 20. Qe2 Re8 {
Guenadez,A (1606)-Sethebe,S (1098)/Port Elizabeth 2016/CBM 174 Extra/1-0 (33)})
6... Qc8 7. Nbd2 Nf6 8. Ne5 Be7 9. Nxg4 Nxg4 10. Be2 Nf6 11. O-O O-O 12. dxc5
Bxc5 13. Bg5 Nd7 14. Rac1 Qc7 15. Rfd1 Bd6 16. Nf3 Nde5 17. Nd4 Na5 18. Qc2 a6
19. e4 Ng6 {Kramnik,V (2785)-Gelfand,B (2736)/Moscow 2007/EXT 2008/1-0}) 5...
e5 6. Bg5 Bxf3 7. Qxf3 Qxg5 8. Qxd5 Qd8 9. Qc4 Qa5+ 10. Nc3 Bxc5 11. O-O-O Nf6
12. Nb5 Be7 13. g4 O-O 14. g5 a6 15. Nd6 Bxd6 16. gxf6 Qb4 17. Qe2 g6 18. a3
Qc5 19. b4 Nxb4 20. axb4 Qxb4 21. Bh3 Qc3 22. Rxd6 Qa1+ 23. Kd2 Qxh1 24. Qg4 h5
25. Qg5 Kh7 26. Bf5 Rad8 27. Qxh5+ Kg8 28. Bxg6 Rxd6+ 29. Kc3 Qa1+ 30. Kb3 Qb1+
31. Ka3 Qa1+ 32. Kb3 Rb6+ 33. Kc4 Rc8+ 34. Kd5 Rb5+ 35. Ke4 Qh1+ 36. f3 Rc4+
37. Kd3 Qf1+ 38. Kd2 Qf2+ 39. Kd1 Rb1# 0-1

[Event "190th open MGU"]
[Site "Sofia"]
[Date "2017.09.24"]
[Round "5.3"]
[White "Kostov, Nikolay"]
[Black "Dimov, Nikola"]
[Result "1-0"]
[WhiteElo "1648"]
[BlackElo "1551"]
[PlyCount "121"]
[EventDate "2017.09.23"]
[EventType "swiss"]
[EventRounds "6"]
[EventCountry "BUL"]

1. d4 Nf6 2. e3 g6 3. g3 Bg7 ({RR} 3... d5 4. Bg2 Bg7 5. Nf3 Bg4 6. h3 Bf5 7.
O-O O-O 8. Nbd2 Ne4 9. c4 c6 10. c5 Nd7 11. Nxe4 Bxe4 12. Ng5 Bxg2 13. Kxg2 e5
14. Nf3 e4 15. Ng1 f5 16. Ne2 Kh8 17. b4 a6 18. a4 {
Zekic,P-Smetisko,J (1820)/Trogir 2016/EXT 2017/0-1 (52)}) 4. Bg2 O-O 5. Nf3 ({
RR} 5. Ne2 d6 6. O-O e5 7. Nd2 Nc6 8. b3 exd4 9. exd4 Bg4 10. Bb2 Re8 11. Nf3
Qd7 12. Nf4 Nh5 13. Nxh5 Bxh5 14. Qd3 Bg4 15. c3 Re7 16. Rfe1 Rae8 17. Qd2
Rxe1+ {1/2 Matnadze,A (2376)-Saldano Dayer,H (2482)/La Roda 2005/CBM 105 Extra}
) 5... c5 $146 ({RR} 5... d6 6. O-O Nbd7 ({RR} 6... c6 7. Nbd2 Bg4 8. a3 Nbd7
9. b4 a6 10. Bb2 d5 11. Qc1 Ne4 12. c4 Nxd2 13. Nxd2 Rc8 14. c5 e5 15. f3 Be6
16. Nb3 exd4 17. Bxd4 Bxd4 18. Nxd4 Re8 19. Re1 Ne5 20. Qc3 Qd7 21. Ra2 {
Zehentner,F (1529)-Wuketich,S (1022)/Vienna 2011/EXT 2013/1-0 (62)}) 7. b3 ({RR
} 7. c4 c5 8. d5 Nb6 9. Nfd2 Rb8 10. Nc3 e5 11. e4 Ne8 12. a3 f5 13. b4 Nd7 14.
bxc5 Nxc5 15. Nb3 Nxe4 16. Nxe4 fxe4 17. Bxe4 Nf6 18. Bg2 Bg4 19. Qe1 Qc7 20.
Nd2 Bf5 21. Qe3 b6 {
Talpa,P (1854)-Valenta,V (2075)/Znojmo 2002/EXT 2003/0-1 (58)}) 7... e5 8. Bb2
e4 9. Nfd2 Re8 10. c4 Nf8 11. Nc3 Bf5 12. Qc2 Qe7 13. Rac1 h5 14. Nd5 Nxd5 15.
cxd5 Rac8 16. b4 Nh7 17. Rfe1 Nf6 18. Qb3 Qd7 19. a4 Bh3 20. Bh1 {
Aljechin,Y (2220)-Rutman,A (2315)/Ozery 1997/EXT 2001/0-1 (45)}) 6. O-O cxd4 7.
exd4 d6 8. h3 Qc7 9. Nc3 a6 10. Re1 Re8 11. Bg5 Nbd7 12. Qd2 Rb8 13. Re2 b5 14.
a3 Bb7 15. Ne1 Nb6 16. b3 Nbd5 17. Nxd5 Nxd5 18. Bxd5 Bxd5 19. Qe3 f6 20. Bh6
Bh8 21. h4 Qd7 22. Kh2 e5 23. dxe5 dxe5 24. Rd1 Qc6 25. Nd3 Bf3 26. Nb4 Qb7 27.
Red2 Bxd1 28. Rxd1 Red8 29. Re1 Qb6 30. Qf3 f5 31. Nc6 e4 32. Ne7+ Kf7 33. Rxe4
Qf6 34. Re2 Rd7 35. Bg5 Qc3 36. Re3 Qxc2 37. Re2 Qd3 38. Re3 Qd1 39. Qf4 Qd6
40. Qf3 Be5 41. Nxf5 gxf5 42. Qxf5+ Kg8 43. Qg4 Rg7 44. Qe4 Bf6 45. Bf4 Qd8 46.
Bxb8 Qxb8 47. Qc6 Be7 48. Qxa6 Bc5 49. Qe6+ Kh8 50. Rc3 Qf8 51. f4 Bxa3 52. Rc8
Qxc8 53. Qxc8+ Rg8 54. Qc3+ Rg7 55. b4 Bxb4 56. Qxb4 Rf7 57. Qxb5 Kg8 58. g4
Kg7 59. Kg3 Ra7 60. Qb2+ Kg8 61. Qb8+ 1-0

[Event "190th open MGU"]
[Site "Sofia"]
[Date "2017.09.24"]
[Round "5.4"]
[White "Metev, Martin"]
[Black "Simov, Zahari"]
[Result "0-1"]
[WhiteElo "1965"]
[BlackElo "1467"]
[PlyCount "122"]
[EventDate "2017.09.23"]
[EventType "swiss"]
[EventRounds "6"]
[EventCountry "BUL"]

1. e4 c5 2. Nf3 d6 3. d4 cxd4 4. Nxd4 a6 5. Nc3 Bd7 ({RR} 5... e5 6. Nf5 Bxf5
7. exf5 Nd7 8. g4 Ne7 9. Bg2 Nc6 10. Be3 Be7 11. Nd5 O-O 12. Qd2 Nf6 13. Nxf6+
Bxf6 14. g5 Be7 15. c3 Rc8 16. Be4 d5 17. Bxd5 Qa5 18. Be4 Rfd8 19. Qe2 Nd4 20.
Qg4 {Fier,A (2527)-Rodriguez Vila,A (2533)/Santos 2008/CBM 124 Extra/1-0 (34)})
6. Be3 ({RR} 6. Bc4 Nc6 7. O-O g6 8. Nf3 Bg7 9. h3 Nf6 10. Re1 O-O 11. a3 Qc8
12. Kh2 Be6 13. Nd5 Bxd5 14. exd5 Ne5 15. Nxe5 dxe5 16. Ba2 Rd8 17. Rxe5 Ng4+
18. hxg4 Bxe5+ 19. Kh1 Bg7 20. c3 Qd7 {
Azlan,A-Hasfarizal,F (1469)/Dewan Astana 2015/EXT 2017/0-1 (42)}) 6... Nf6 7.
Be2 g6 $146 ({RR} 7... Qc7 8. O-O e5 9. Nb3 Bc6 10. Nd5 Bxd5 11. exd5 Nbd7 12.
c4 Rc8 13. Rc1 Qb8 14. f4 Qa8 15. a4 a5 16. f5 Ne4 17. Bd3 Nec5 18. Nxc5 Nxc5
19. Bxc5 Rxc5 20. f6 Qa7 21. Kh1 g6 22. h4 {
Mijatovic,A (1408)-Van Orsouw,S (1311)/Willingen 2003/CBM 094 Extra/1/2 (32)})
8. Qd2 Bg7 9. f3 O-O 10. O-O-O b5 11. g4 b4 12. Nb1 Qa5 13. a3 Nc6 14. Nxc6
Bxc6 15. axb4 Qc7 16. Bh6 Rfb8 17. Bxg7 Kxg7 18. Qc3 Kg8 19. g5 Nh5 20. Qd2 Qb6
21. c3 a5 22. bxa5 Rxa5 23. Bc4 Ra1 24. Rde1 Nf4 25. h4 Ba4 26. Rh2 e5 27. h5
Bb3 28. Bxb3 Qxb3 29. hxg6 fxg6 30. Reh1 Rb7 31. Qxd6 Ra8 32. Qd1 Qb5 33. Rd2
Nd3+ 34. Kc2 Rd8 35. Qf1 Qxb2+ 36. Kd1 Qxb1+ 37. Ke2 Nf4+ 38. Ke3 Qb6+ 39. Rd4
Ne6 40. Kf2 exd4 41. cxd4 Qxd4+ 42. Kg3 Qe5+ 43. f4 Qc3+ 44. Kg4 Rf8 45. f5
gxf5+ 46. exf5 Qd4+ 47. Kh5 Nf4+ 48. Kg4 Nd3+ 49. Kh5 Rb4 50. Qf3 Nf4+ 51. Kg4
Ne2+ 52. Kh5 Nf4+ 53. Kg4 Ng6+ 54. Kg3 Qf4+ 55. Qxf4 Nxf4 56. f6 Ne6 57. Rh5
Ra8 58. f7+ Kg7 59. Kf3 Ra3+ 60. Ke2 Rb2+ 61. Kd1 Ra1# 0-1

[Event "190th open MGU"]
[Site "Sofia"]
[Date "2017.09.24"]
[Round "5.5"]
[White "Ivanov, Oleg M."]
[Black "Velikov, Nikola"]
[Result "1-0"]
[WhiteElo "1548"]
[BlackElo "1179"]
[PlyCount "65"]
[EventDate "2017.09.23"]
[EventType "swiss"]
[EventRounds "6"]
[EventCountry "BUL"]

1. c4 Nf6 2. Nf3 g6 3. Nc3 Bg7 4. e4 d6 5. d4 O-O 6. Bg5 Nbd7 7. Qd2 e5 8. dxe5
({RR} 8. d5 Nc5 9. Bd3 a5 10. O-O Qd7 11. h3 Ne8 12. Rad1 Nxd3 13. Qxd3 f5 14.
exf5 Qxf5 15. Qxf5 Bxf5 16. Rfe1 Nf6 17. Nb5 Rf7 18. Bxf6 Bxf6 19. b3 Raf8 20.
Rd2 Bd8 21. a4 g5 22. Nc3 g4 {
Simon,L (1135)-Yudin,Y (1407)/Prague 2016/CBM 174 Extra/1/2 (33)}) 8... dxe5 9.
O-O-O ({RR} 9. Rd1 Re8 10. Be2 c6 11. O-O Qc7 12. Qd6 Qxd6 13. Rxd6 Nh5 14.
Rfd1 Nc5 15. Rd8 Bg4 16. Rxa8 Rxa8 17. Be7 Nd7 18. h3 Be6 19. Ng5 Nhf6 20. Nxe6
fxe6 21. c5 Bf8 22. Bxf8 Kxf8 23. b4 a5 {
Khromov,V (2240)-Riazantsev,A (2350)/Moscow 1996/CBM 055 Extra/0-1 (36)}) 9...
Re8 10. g3 $146 ({RR} 10. h4 h5 ({RR} 10... c6 11. h5 Qe7 12. hxg6 fxg6 13. Nh2
Nc5 14. Be2 Ncxe4 15. Nxe4 Nxe4 16. Bxe7 Nxd2 17. Rxd2 Rxe7 18. Rd8+ Kf7 19.
Nf3 h6 20. Nd2 Rd7 21. Rxd7+ Bxd7 22. Ne4 Bf8 23. Rd1 Be6 24. b3 Bf5 25. Bf3 {
Van der Wal,F-Lane,G (2421)/Penrith 2003/EXT 2004/0-1 (40)}) 11. g4 hxg4 12.
Nh2 c6 13. Nxg4 Qc7 14. Nxf6+ Nxf6 15. Be2 Be6 16. Rdg1 Kf8 17. h5 Nxh5 18.
Bxh5 gxh5 19. Rxh5 Qd7 20. Qe3 f6 21. Bh6 Bxh6 22. Qxh6+ Ke7 23. Rd1 Qc8 24.
Qg7+ Bf7 {Rubingh,O (2260)-Kottke,M (2225)/Amsterdam 2000/EXT 2002/1-0}) ({RR} 
10. Be2 c6 11. h4 Qb6 12. Be3 Qc7 13. c5 Ng4 14. h5 Nxe3 15. Qxe3 Nf6 16. Nd2
Bg4 17. Bxg4 Nxg4 18. Qf3 Nf6 19. hxg6 fxg6 20. Nc4 Rf8 21. Qh3 Rad8 22. Nd6
Rd7 23. Ne2 Rfd8 24. f4 exf4 {
Moreno,J-Amed,S/Buenos Aires 2002/CBM 090 Extra/0-1 (37)}) 10... c6 11. h4 Qc7
12. Be2 Ng4 13. Rdf1 Ngf6 14. Bh6 Bh8 15. h5 Nxh5 16. Rxh5 Nf6 17. Rh4 Rd8 18.
Qe3 Ng4 19. Qc5 Bf6 20. Bg5 Bxg5+ 21. Nxg5 h5 22. Nd5 Qd6 23. Qxd6 Rxd6 24.
Ne7+ Kf8 25. Nxc8 Rxc8 26. Bxg4 hxg4 27. Rxg4 Rcd8 28. Nf3 Re8 29. Rd1 Rf6 30.
Rd3 Rfe6 31. Ng5 R6e7 32. Rh4 f6 33. Rf3 1-0

[Event "190th open MGU"]
[Site "Sofia"]
[Date "2017.09.24"]
[Round "5.6"]
[White "Andreev, Dobrotich"]
[Black "Doychev, Ivan"]
[Result "1-0"]
[WhiteElo "1881"]
[BlackElo "1188"]
[PlyCount "31"]
[EventDate "2017.09.23"]
[EventType "swiss"]
[EventRounds "6"]
[EventCountry "BUL"]

1. e4 c5 2. Nf3 e6 3. d4 cxd4 4. Nxd4 Nf6 5. Nc3 Bb4 6. e5 Nd5 7. Bd2 Bxc3 8.
bxc3 Qc7 9. f4 ({RR} 9. Qh5 Nxc3 10. Bd3 a6 11. Qg5 O-O 12. Nf3 f5 13. exf6
Rxf6 14. Qh5 g6 15. Qh4 Rf7 16. O-O Nd5 17. Ng5 Qd8 18. Qg3 Rg7 19. c4 Nf6 20.
Bc3 Nc6 21. Nxh7 Kxh7 22. Qh4+ Kg8 23. Bxf6 Qf8 {
Li,S (1904)-Hassemeier,M (1715)/Willingen 2016/CBM 172 Extra/1-0}) 9... Nxc3 ({
RR} 9... a6 10. c4 Ne7 11. Bb4 Nbc6 12. Nxc6 Qxc6 13. Qd3 b5 14. O-O-O bxc4 15.
Qxc4 Qxc4 16. Bxc4 Bb7 17. Rhg1 Nd5 18. Bd2 O-O 19. Kb2 Nb6 20. Bb3 a5 21. a4
Rfc8 22. Bc1 Nc4+ 23. Ka1 Bd5 24. Rd4 {
Kurnosov,I (2592)-Meshkov,Y (2429)/Miass 2007/CBM 121 Extra/1/2 (60)}) 10. Qf3
Nd5 11. Nb5 Qxc2 $146 ({RR} 11... Qc5 12. Nd6+ Kf8 ({RR} 12... Ke7 13. Qh5 g6
14. Qg5+ f6 15. Qh6 fxe5 16. fxe5 Re8 17. Bg5+ {
1-0 Kadric,D-Yildirim,O (1782)/Kemer 2007/CBM 121 Extra}) 13. Qh5 g6 14. Qh6+
Ke7 15. Qg7 Rf8 16. f5 Qxd6 17. exd6+ Ke8 18. Bh6 {
1-0 Macia Velazquez,M (2092)-Darias Camacho,F (1906)/Havana 2009/EXT 2012}) ({
RR} 11... Qd8 12. Nd6+ Kf8 13. Qh5 g6 14. Qh6+ Kg8 15. Bd3 Nc6 16. O-O Qf8 17.
Qh3 f5 18. g4 Ndb4 19. gxf5 Nxd3 20. f6 Nd8 21. cxd3 Nf7 22. Bb4 h6 23. Rf3
Nxd6 24. Bxd6 Qd8 25. Qg2 Kf7 26. Rg3 {
Klundt,K (2380)-Sinchurina,T (2050)/Davos 2006/CBM 113 Extra/1-0 (34)}) 12. Rc1
Qa4 13. Rxc8+ Ke7 14. Rxh8 Qxa2 15. Nd6 Nc7 16. Nc8# 1-0

[Event "190th open MGU"]
[Site "Sofia"]
[Date "2017.09.24"]
[Round "6.1"]
[White "Krustev, Krasimir S."]
[Black "Kostov, Nikolay"]
[Result "1-0"]
[WhiteElo "1970"]
[BlackElo "1648"]
[PlyCount "27"]
[EventDate "2017.09.23"]
[EventType "swiss"]
[EventRounds "6"]
[EventCountry "BUL"]

1. e4 e5 2. Nf3 Nc6 3. Bc4 Nf6 4. d4 Nxe4 5. dxe5 Be7 ({RR} 5... d6 6. Qd5 Be6
7. Qxe4 d5 8. Qe2 dxc4 9. O-O Be7 10. Rd1 Qc8 11. Nc3 O-O 12. h3 h6 13. Be3 Rd8
14. a3 a6 15. Rxd8+ Qxd8 16. Rd1 Qe8 17. Nd5 Bxd5 18. Rxd5 b5 19. c3 Na5 20.
Bf4 {Kasparov,G (2805)-Regnier,B/Geneve 1995/EXT 2003/1/2 (40)}) 6. Qd5 ({RR} 
6. Bxf7+ Kf8 7. Bd5 Nc5 8. O-O Ne6 9. Be3 d6 10. Bd4 dxe5 11. Bxe5 Bf6 12. Re1
Nxe5 13. Nxe5 c6 14. Bxe6 Qxd1 15. Rxd1 Bxe5 16. Rd8+ Ke7 17. Rxh8 Kxe6 18. Nc3
Kf7 19. Re1 Kf6 20. Re3 b6 {
Giczi,A (1457)-Nagy,T (1739)/Fertoszentmiklos 2015/EXT 2017/1-0 (33)}) 6... O-O
7. Qxe4 d5 $146 ({RR} 7... d6 8. O-O Nxe5 ({RR} 8... dxe5 9. Nxe5 Nxe5 10. Qxe5
Bd6 11. Qg5 Be7 12. Qd5 Bd6 13. Bg5 Qd7 14. Qf3 h6 15. Bf4 Be7 16. Nc3 c6 17.
Rad1 Qf5 18. Bd6 Qxf3 19. gxf3 Bxd6 20. Rxd6 Bh3 21. Re1 Rae8 22. Rxe8 Rxe8 23.
Rd1 {Goerens,J (1986)-Ajdarpasic,K (2031)/Luxembourg 2014/EXT 2017/1-0 (41)})
9. Nxe5 dxe5 10. Nc3 c6 11. Be3 Qc7 12. Rad1 Kh8 13. f4 b5 14. Bd3 f5 15. Qxe5
Bd6 16. Qd4 c5 17. Nxb5 cxd4 18. Nxc7 dxe3 19. Nxa8 Bb7 20. Be2 Rd8 21. Rxd6
Rxd6 22. Rd1 {Friedel,M-Matrisch,G (2081)/Recklinghausen 2002/CBM 089 Extra/1-0
}) ({RR} 7... Nb4 8. O-O Kh8 9. a3 Nc6 10. Bd3 g6 11. Bh6 Re8 12. Bc4 d6 13.
Bxf7 Bf5 14. Qe3 dxe5 15. Bxe8 Qxe8 16. Nc3 Bd6 17. Ne4 Ne7 18. Nxd6 cxd6 19.
Rad1 {1-0 Benima,L-Meijer,B/Utrecht 1886/EXT 2002}) 8. Bxd5 Bf5 9. Qxf5 Qxd5
10. O-O Rfe8 11. Nc3 Qa5 12. Bd2 Rad8 13. Ne4 Qb6 14. Bc3 1-0

[Event "190th open MGU"]
[Site "Sofia"]
[Date "2017.09.24"]
[Round "6.2"]
[White "Ivanov, Oleg M."]
[Black "Babatov, Martin"]
[Result "0-1"]
[WhiteElo "1548"]
[BlackElo "1737"]
[PlyCount "50"]
[EventDate "2017.09.23"]
[EventType "swiss"]
[EventRounds "6"]
[EventCountry "BUL"]

1. c4 c6 2. e4 d5 3. cxd5 cxd5 4. e5 Nc6 5. d4 Bf5 6. Bd3 Bxd3 7. Qxd3 e6 8.
Nf3 Nge7 9. O-O Nf5 10. Be3 ({RR} 10. Nc3 Be7 11. a3 O-O 12. Bd2 Nh4 13. Nxh4
Bxh4 14. Na4 Be7 15. Rac1 Qd7 16. Nc5 Bxc5 17. Rxc5 Rfc8 18. Rfc1 Ne7 19. b3
Rxc5 20. Rxc5 Rc8 21. Rxc8+ Qxc8 22. g4 Nc6 23. Kg2 a6 24. a4 Qf8 {
Agdestein,S (2583)-Wang,Y (2704)/Amsterdam 2008/CBM 126/1/2 (62)}) 10... Be7
11. Na3 $146 ({RR} 11. Nc3 O-O 12. Rac1 Rc8 13. b3 h6 14. Nb1 Qa5 15. Qe2 Rc7
16. h3 Rfc8 17. Qb2 f6 18. exf6 Bxf6 19. g4 Nfxd4 20. Nxd4 Nxd4 21. Bxd4 Bxd4
22. Rxc7 Bxb2 23. Rxc8+ Kh7 24. a3 d4 25. b4 Qg5 {
Matveeva,O (2200)-Dragunov,V (2304)/Perm 2008/EXT 2011/0-1 (38)} {RR} 26. f4
Qd5 27. Nd2 d3 28. Kh2 Bd4 29. Kg3 e5 30. Nf3 exf4+ 31. Kxf4 Bf6 32. Rc5 Qd6+
33. Ke3 b6 34. Rf5 Bc3 35. Rf4 d2 36. Rd1 a5 37. bxa5 Qxa3 38. axb6 Be5+ {
0-1 Shilov,B (2003)-Matveeva,O (2079)/Perm 2007/EXT 2008 (38)}) 11... O-O 12.
Nc2 Rc8 13. Bd2 Qb6 14. g4 Nh4 15. Nxh4 Bxh4 16. g5 f6 17. f4 fxg5 18. fxg5
Nxe5 19. Rxf8+ Rxf8 20. Qe2 Nf3+ 21. Kh1 Nxd2 22. Qxd2 Rf2 23. Qc3 Qd6 24. Qc8+
Kf7 25. g6+ hxg6 0-1

[Event "190th open MGU"]
[Site "Sofia"]
[Date "2017.09.24"]
[Round "6.3"]
[White "Georgiev, Nikolay Zh."]
[Black "Andreev, Dobrotich"]
[Result "0-1"]
[WhiteElo "1572"]
[BlackElo "1881"]
[PlyCount "94"]
[EventDate "2017.09.23"]
[EventType "swiss"]
[EventRounds "6"]
[EventCountry "BUL"]

1. e4 c6 2. Nc3 d5 3. Qf3 dxe4 4. Nxe4 Nd7 5. Bc4 ({RR} 5. Qb3 Ngf6 6. Nxf6+
exf6 7. d4 Nb6 8. Nf3 a5 9. a3 a4 10. Qe3+ Be7 11. c4 O-O 12. Be2 Re8 13. Qc3
Bg4 14. Be3 f5 15. g3 Nd5 16. Qc2 Nxe3 17. fxe3 Bg5 18. O-O Bxe3+ 19. Kg2 Bxd4
{Demkovich,A (2392)-Jobava,B (2715)/Alushta 2010/CBM 136 Extra/0-1 (37)}) 5...
e6 ({RR} 5... Ne5 6. Qb3 Nxc4 7. Qxc4 Qd5 8. Qxd5 cxd5 9. Nc3 e6 10. Nf3 a6 11.
d4 Bb4 12. Bd2 Nf6 13. Na4 Bxd2+ 14. Nxd2 O-O 15. Nb6 Rb8 16. f3 Nd7 17. Nxc8
Rfxc8 18. Rc1 Rc7 19. Ke2 Rbc8 20. c3 {
Salerno,F-Squillante,M (1710)/Ceriano Laghetto 2015/EXT 2017/1-0 (35)}) 6. Qe2
$146 ({RR} 6. d3 Ngf6 7. Ng5 h6 8. Ne4 Be7 9. Qg3 O-O 10. Bxh6 Nh5 11. Qg4 Kh7
12. Ng5+ Bxg5 13. Bxg5 Ndf6 14. Nf3 Nxg4 15. Bxd8 Rxd8 16. Ng5+ Kg8 17. O-O Ne5
18. Rfd1 Nxc4 19. dxc4 Bd7 20. Rd4 c5 {
Taliaferro,N (578)-Aguilar,J (1226)/Detroit 2002/EXT 2007/0-1 (33)}) 6... Ngf6
7. Nf3 Nb6 8. O-O Nxc4 9. Qxc4 Be7 10. Re1 O-O 11. d4 Qd5 12. Qd3 Rd8 13. c4
Qf5 14. Nxf6+ Bxf6 15. Qxf5 exf5 16. Bf4 Be6 17. b3 Bxd4 18. Nxd4 Rxd4 19. Be5
Re4 20. Kf1 f6 21. Bc3 Kf7 22. Rad1 g5 23. f3 Rxe1+ 24. Kxe1 b5 25. cxb5 cxb5
26. Rd2 Rc8 27. Bd4 a6 28. Kd1 f4 29. Bb6 Rc6 30. Ba5 Bf5 31. Bb4 h5 32. Rd6
Rc2 33. Rd2 Rc6 34. Rd6 Rxd6+ 35. Bxd6 Bd3 36. Ke1 Ke6 37. Bb4 Bb1 38. a4 Bc2
39. axb5 axb5 40. Bc3 Bxb3 41. g3 fxg3 42. hxg3 h4 43. gxh4 gxh4 44. Kf1 Kf5
45. Kg2 Bd5 46. Kh3 Bxf3 47. Kxh4 Be4 0-1